The Haida Indians : cultural change mainly between 1876-1970

Saved in:
Bibliographic Details
Main Author: Brink, J. H. van den 1925-
Format: Book
Language:English
Published: Leiden : Brill, 1974
Series:Monographs and theoretical studies in sociology and anthropology in honour of Nels Anderson ; ; 8
Subjects:
Tags: Add Tag
No Tags, Be the first to tag this record!

MARC

LEADER 00000cam a2200000 i 4500
001 1/2011
008 950807s1974 eng d
020 |a 90-04-03991-0 
035 |l 10014663 
040 |a GR-MY-UA  |b gre  |e aacr 
041 0 |a eng 
082 0 |a 970.00497 
100 1 |a Brink, J. H. van den  |d 1925- 
245 1 4 |a The Haida Indians :  |b cultural change mainly between 1876-1970 /  |c J. H. van den Brink 
260 |a Leiden :   |b Brill,   |c 1974 
300 |a x, 276 p., 1 fold leaf;  |b map;  |c 25 cm 
490 1 |a Monographs and theoretical studies in sociology and anthropology in honour of Nels Anderson  |v ; 8 
504 |a Bibliography: p. [268]-272. Includes index 
650 0 0 |a Haida Indians. 
650 0 0 |a Social change  |x Case studies. 
830 0 |a Monographs and theoretical studies in sociology and anthropology in honour of Nels Anderson ;  |v ; 8 
852 |a INST  |b LESVOS  |e 19950807  |h 970.00497 BRI  |p 005100007549  |q 005100007549  |t BK  |y 0 
909 |a Λ  |b 015118